000 00455nam a22001817a 4500
003 CEME
005 20210628204019.0
008 210104b xxu||||| |||| 00| 0 eng d
020 _a9789350142622
040 _cceme
082 _a621.3132 BUR
100 _aBurman, Simmi, P
_968248
245 _aSpecial electrical machines
260 _aINDIA
_bS.K.KATARIA
_c2012
300 _aXII, 217P
650 _aELECTRICAL MACHINES.
_960655
942 _cBK
_2ddc
999 _c575862
_d575862